• 首页
  • 本馆介绍
  • 公告通知
  • 最新文献
  • 馆藏检索
  • 电子资源
  • 读者导购
  • 参考咨询
  • 我的图书馆
  • 登录
  • 详细信息显示
  • 放入我的书架
  • 预约/预借图书
  • 作者相关作品
  • 分类相关作品
  • 丛书相关作品
  • 出版社相关作品

书目信息

  • 表格格式
  • 工作单格式
  • 卡片格式
题名:
中尺度气象学
    
 
作者: 寿绍文 主编
分册:  
出版信息: 北京   气象出版社  2016.05
页数: 400页
开本: 23cm
丛书名:
单 册:
中图分类: P432
科图分类:
主题词: 中尺度--气象学
电子资源:
ISBN: 978-7-5029-6347-7
000 01386nam0 2200241 450
001 4335
005 20181011142023.87
010    @a978-7-5029-6347-7@dCNY55.00
100    @a20160923d2016 em y0chiy50 ea
101 0  @achi
102    @aCN@b110000
105    @aa z 000yy
200 1  @a中尺度气象学@9zhong chi du qi xiang xue@f寿绍文主编@g寿绍文[等]编著
205    @a3版
210    @a北京@c气象出版社@d2016.05
215    @a400页@c图@d23cm
300    @a普通高等教育“十一五”国家级规划教材 “十二五”江苏省高等学校重点教材
330    @a中尺度气象学是气象学的一个重要分支,主要研究中尺度天气系统及其对天气的影响。中尺度天气系统与很多严重灾害性天气(如台风、雷暴、暴雨、冰雹、龙卷等)的发生、发展直接相关,所以关于中尺度天气系统的机制和预报理论及方法的研究,是当代大气科学中最受人们关注的研究领域之一。本书是对这一领域的知识的概要介绍。全书共10章,从第1章至第10章依次讨论的内容为:中尺度大气运动的特征;地形性中尺度环流;自由大气非对流性中尺度环流;中尺度孤立对流系统;中尺度带状对流系统;锋面气旋及台风附近的中尺度雨带;中尺度对流复合体;影响中尺度对流系统发生发展的因子;中尺度天气诊断分析和数值模拟;中尺度天气的预报。内容广泛涉及当今中尺度研究中的重要问题和研究领域。每章后都附有参考文献,以便于查阅和进一步的探究。
606 0  @a中尺度@x气象学
690    @aP432@v5
701  0 @a寿绍文@9shou shao wen@4主编@4编著
801  0 @aCN@b91MARC@c20160923
905    @aMuseLib@dP432@e122=3
    
    中尺度气象学/寿绍文主编/寿绍文[等]编著.-3版.-北京:气象出版社,2016.05
    400页:图;23cm
    普通高等教育“十一五”国家级规划教材 “十二五”江苏省高等学校重点教材
    
    ISBN 978-7-5029-6347-7:CNY55.00
    中尺度气象学是气象学的一个重要分支,主要研究中尺度天气系统及其对天气的影响。中尺度天气系统与很多严重灾害性天气(如台风、雷暴、暴雨、冰雹、龙卷等)的发生、发展直接相关,所以关于中尺度天气系统的机制和预报理论及方法的研究,是当代大气科学中最受人们关注的研究领域之一。本书是对这一领域的知识的概要介绍。全书共10章,从第1章至第10章依次讨论的内容为:中尺度大气运动的特征;地形性中尺度环流;自由大气非对流性中尺度环流;中尺度孤立对流系统;中尺度带状对流系统;锋面气旋及台风附近的中尺度雨带;中尺度对流复合体;影响中尺度对流系统发生发展的因子;中尺度天气诊断分析和数值模拟;中尺度天气的预报。内容广泛涉及当今中尺度研究中的重要问题和研究领域。每章后都附有参考文献,以便于查阅和进一步的探究。
●
相关链接 在E读中查询图书 在五车中查询图书 在当当中查询图书 在豆瓣中查询图书


正题名:中尺度气象学     索取号:P432/122=3         预约/预借

序号 登录号 条形码 馆藏地/架位号 状态 备注
1 1124666   211246668   第二样本阅览室/ [索取号:P432/122=3] 在馆    
2 1124667   211246677   资源管理系资料室/ [索取号:P432/122=3] 在馆    
3 1124668   211246686   第三借阅区/ [索取号:P432/122=3] 在馆    
4 1124669   211246695   第三借阅区/ [索取号:P432/122=3] 在馆    
5 1124670   211246702   第三借阅区/ [索取号:P432/122=3] 在馆    
唐山师范学院图书馆 欢迎您!
大连网信软件有限公司© 版权所有